Zpráva o činnosti České speleologické společnosti za období 2013-2016

Korporativní autor: Česká speleologická společnost
Jazyk: Čeština
Vydáno: Praha : Česká speleologická společnost, 2017
Témata:
Fyzický popis: 368 stran ; 30 cm
Knihy
Uloženo v:
LEADER 01871nam a2200517 i 4500
001 nkc20193101831
003 CZ PrNK
005 20201118135316.0
007 ta
008 190610s2017 xr e 000 0 cze
015 |z cnb003101831 
020 |a 978-80-87857-23-6  |q (kroužková vazba) 
035 |a (OCoLC)1107816754 
040 |a BOA001  |b cze  |e rda 
043 |a e-xr--- 
045 |a y1y1 
072 7 |a 551  |x Geologie. Meteorologie. Klimatologie  |2 Konspekt  |9 7 
080 |a 061.2  |2 MRF 
080 |a 551.44  |2 MRF 
080 |a 551.442  |2 MRF 
080 |a (437.3)  |2 MRF 
080 |a (047.1)  |2 MRF 
110 2 |a Česká speleologická společnost  |7 ko2002110298  |4 aut 
240 1 0 |a Výroční zpráva (Česká speleologická společnost)  |7 kon2009518051 
245 1 0 |a Zpráva o činnosti České speleologické společnosti za období 2013-2016 
264 1 |a Praha :  |b Česká speleologická společnost,  |c 2017 
300 |a 368 stran ;  |c 30 cm 
336 |a text  |b txt  |2 rdacontent 
337 |a bez média  |b n  |2 rdamedia 
338 |a svazek  |b nc  |2 rdacarrier 
610 2 7 |a Česká speleologická společnost  |7 ko2002110298  |2 czenas 
648 7 |a 2013-2016  |7 ch969041  |2 czenas 
648 7 |a 2011-2020  |7 ch460589  |2 czenas 
650 0 7 |a zájmové organizace  |7 ph127723  |z Česko  |y 2011-2020  |2 czenas 
650 0 7 |a speleologie  |7 ph125905  |z Česko  |y 2011-2020  |2 czenas 
650 0 7 |a jeskyně  |7 ph121342  |z Česko  |2 czenas 
650 0 9 |a interest organizations  |z Czechia  |y 2011-2020  |2 eczenas 
650 0 9 |a speleology  |z Czechia  |y 2011-2020  |2 eczenas 
650 0 9 |a caves  |z Czechia  |2 eczenas 
655 7 |a výroční zprávy  |7 fd133860  |2 czenas 
655 9 |a annual reports  |2 eczenas 
910 2 |a BOA001  |b 4-1429.723 
990 |a BK 
995 |a 11 
991 |b 201906  |c NOV 
996 6 |b 2610785679  |c 4-1429.723  |l MZK  |r Sklad / do 1 hodiny  |n 0  |p p.v.  |w 001728612  |u 000010  |a 1  |e BOA001  |j MZK50  |s P